Sharah Sahee Muslim (Record no. 9978)
[ view plain ]
| 000 -LEADER | |
|---|---|
| fixed length control field | 00343 a2200121 4500 |
| 090 ## - LOCALLY ASSIGNED LC-TYPE CALL NUMBER (OCLC); LOCAL CALL NUMBER (RLIN) | |
| -- | 6145 |
| -- | 6145 |
| 100 ## - MAIN ENTRY--PERSONAL NAME | |
| Personal name | Saeedi, Allama Ghulam Rasool |
| 245 ## - TITLE STATEMENT | |
| Title | Sharah Sahee Muslim |
| Statement of responsibility, etc. | Allama Ghulam Rasool Saeedi |
| Medium | (Urdu) |
| 260 ## - PUBLICATION, DISTRIBUTION, ETC. | |
| Place of publication, distribution, etc. | Lahore : |
| Name of publisher, distributor, etc. | Fareed Book Stall, |
| Date of publication, distribution, etc. | 1999. |
| 300 ## - PHYSICAL DESCRIPTION | |
| Extent | v. 1 ; 1358 p. |
| Dimensions | 25 cm |
| 650 ## - SUBJECT ADDED ENTRY--TOPICAL TERM | |
| Topical term or geographic name entry element | Islam |
| 942 ## - ADDED ENTRY ELEMENTS (KOHA) | |
| Koha item type | Book |
| Call number prefix | 297.1243 SAE |
| Withdrawn status | Lost status | Damaged status | Not for loan | Collection code | Permanent Location | Current Location | Shelving location | Date acquired | Cost, normal purchase price | Total Checkouts | Full call number | Barcode | Date last seen | Date last checked out | Price effective from | Koha item type |
|---|---|---|---|---|---|---|---|---|---|---|---|---|---|---|---|---|
| NUST Law School (NLS) | NUST Law School (NLS) | General Stacks | 08/25/2021 | 375.00 | 2 | 297.1243 SAE | SEECS000196 | 10/13/2016 | 10/19/2015 | 01/05/2017 | Reference |
